| 000 | 01422nam a2200433 a 4500 | ||
|---|---|---|---|
| 001 | 22484 | ||
| 003 | SK-KTurca | ||
| 005 | 20260330141445.0 | ||
| 008 | 240313s2011 xo g 000 f slo | ||
| 015 | _aSNBA2011/12-06103 | ||
| 020 |
_a9788055602424 _q(viaz.) |
||
| 035 | _aA90CECAD-60AB-4926-B7A0-7CF21762CC9E | ||
| 035 | _aurn:nbn:sk:snk-amji3w | ||
| 035 | _aurn:nbn:sk:snk-am002gmw | ||
| 040 |
_aPPPK _bslo _cPPPK _dSNK _eAACR2 |
||
| 041 | 0 |
_aslo _heng |
|
| 044 |
_axo _cSK |
||
| 072 | 7 |
_a821.111(73)-3 _xAmerická próza _2konspekt |
|
| 072 | 7 |
_a821-93 _xLiteratúra pre deti a mládež (beletria) _2konspekt |
|
| 080 |
_a821.111(73)-31 _22001 |
||
| 080 |
_a(0:82-312.9) _22001 |
||
| 080 |
_a821-93 _22001 |
||
| 100 | 1 |
_aNoël, Alyson _4aut |
|
| 240 | 1 | 4 |
_aThe immortals: Shadowland _lSlovensky |
| 245 | 1 | 0 |
_aNesmrteľní _n[3] _pKrajina tieňov _cAlyson Noël ; [z anglického originálu preložila Paulína Feriancová] |
| 246 | 3 | 0 | _aKrajina tieňov |
| 250 | _a[1. vyd.] | ||
| 260 |
_aBratislava _bSlovart _c2011 |
||
| 300 |
_a351 s. _c22 cm |
||
| 655 | 7 |
_aamerické romány _2SNKPH |
|
| 655 | 7 |
_afantasy romány _2SNKPH |
|
| 655 | 7 |
_aAmerican fiction _2SNKPHeng |
|
| 655 | 7 |
_aFantasy novels _2SNKPHeng |
|
| 655 | 7 |
_apublikácie pre mládež _2SNKPH |
|
| 655 | 7 |
_aJuvenile literature _2SNKPHeng |
|
| 700 | 1 |
_aFeriancová, Paulína, _d1976- _4trl |
|
| 942 |
_2ddc _cKLDO _n0 |
||
| 980 | _a821.111(73)-31 | ||
| 999 |
_c22484 _d22484 |
||